Reflexión teológica sobre la dimensión utópica. Parte 4: Esperanza cristiana, proyecto histórico y dimensión utópica de la liberación /
Gorde:
| Egile nagusia: | |
|---|---|
| Erakunde egilea: | |
| Formatua: | Procedimiento de la Conferencia |
| Etiketak: |
Etiketa erantsi
Etiketarik gabe, Izan zaitez lehena erregistro honi etiketa jartzen!
|
MARC
| LEADER | 00000 a a2200000 04500 | ||
|---|---|---|---|
| 001 | 45047 | ||
| 003 | |||
| 040 | |||
| 100 | |a Richard, Pablo | ||
| 111 | |a Encuentro de científicos sociales y teólogos sobre el tema "El discernimiento de las utopías",2 | ||
| 245 | |a Reflexión teológica sobre la dimensión utópica. Parte 4: |b Esperanza cristiana, proyecto histórico y dimensión utópica de la liberación / |c Pablo Richard | ||
| 773 | |g páginas 297-298 | ||
| 999 | |c 31044 |d 31044 | ||
